00323pab a2200121 454500008004000000100001900040245005500059260000900114300001300123362001100136650002000147773003400167180718b2017 xxu||||| |||| 00| 0 eng d aBhardwaj, Atul aIndia ready to 'plug and play' into the US network c2017 ap.10-11. a29 Apr aData protection aEconomic and Political Weekly